Central Library OPAC University of Rajshahi

Monetary policy for a competitive society / (Record no. 6382)

MARC details
000 -LEADER
fixed length control field 00799nam a2200265 a 4500
001 - CONTROL NUMBER
control field 6382
003 - CONTROL NUMBER IDENTIFIER
rucl marc code BD-RjUL
005 - DATE AND TIME OF LATEST TRANSACTION
control field 20211208234232.0
008 - FIXED-LENGTH DATA ELEMENTS--GENERAL INFORMATION
fixed length control field 14 t1950 nyu b 001 0 eng
035 ## - SYSTEM CONTROL NUMBER
System control number (BD-RjUL)6422
System control number (BD-RjUL)
040 ## - CATALOGING SOURCE
Original cataloging agency ANL
Language of cataloging eng
Transcribing agency ANL
Modifying agency ANL
-- BD-RjUL
041 ## - LANGUAGE CODE
Language code of text/sound track or separate title eng
082 04 - DEWEY DECIMAL CLASSIFICATION NUMBER
Classification number 332.401
Edition number 16
Author mark and year MIM 1950
100 1# - MAIN ENTRY--PERSONAL NAME
Personal name Mints, Lloyd W.
Fuller form of name (Lloyd Wynn),
Dates associated with a name 1888-
9 (RLIN) 11677
245 10 - TITLE STATEMENT
Title Monetary policy for a competitive society /
Statement of responsibility, etc. by Lloyd W. Mints.
250 ## - EDITION STATEMENT
Edition statement 1st ed.
260 ## - PUBLICATION, DISTRIBUTION, ETC. (IMPRINT)
Place of publication, distribution, etc. New York :
Name of publisher, distributor, etc. McGraw-Hill,
Date of publication, distribution, etc. 1950.
300 ## - PHYSICAL DESCRIPTION
Pagination ix, 236 p. :
Illustrations ill. ;
Size 24 cm.
504 ## - BIBLIOGRAPHY, ETC. NOTE
Bibliography, etc Includes Bibliographical reference and index.
650 #0 - SUBJECT ADDED ENTRY--TOPICAL TERM
Topical term or geographic name as entry element Currency question.
9 (RLIN) 20109
Topical term or geographic name as entry element Currency question
Geographic subdivision United States.
9 (RLIN) 10098
942 ## - ADDED ENTRY ELEMENTS (KOHA)
Source of classification or shelving scheme Dewey Decimal Classification
Koha item type Books
Holdings
Lost status Source of classification or shelving scheme Damaged status Not for loan Collection code Permanent Location Current Location Shelving location Date acquired Source of acquisition Cost, normal purchase price Total Checkouts Full call number Date last seen Copy number Koha item type
  Dewey Decimal Classification     Non-fiction Central Library, University of Rajshahi Central Library, University of Rajshahi   13/10/1955 Allis Book Cor. 23.00   332.401 MIM 1950 11/01/2014 C-2 Books
  Dewey Decimal Classification     Non-fiction Central Library, University of Rajshahi Central Library, University of Rajshahi   05/07/1955 Farcan Publications, Dacca 18.00   332.401 MIM 1950 25/06/2016 C-3 Books